Central Library OPAC University of Rajshahi

Modern physics : (Record no. 69812)

MARC details
000 -LEADER
fixed length control field 00806nam a2200265 a 4500
001 - CONTROL NUMBER
control field 69812
003 - CONTROL NUMBER IDENTIFIER
rucl marc code BD-RjUL
005 - DATE AND TIME OF LATEST TRANSACTION
control field 20211209081928.0
008 - FIXED-LENGTH DATA ELEMENTS--GENERAL INFORMATION
fixed length control field 170413s2004 ii a|||| |||| 001 0 eng d
020 ## - INTERNATIONAL STANDARD BOOK NUMBER
International Standard Book Number 8120328221
035 ## - SYSTEM CONTROL NUMBER
System control number (BD-RjUL)70024
040 ## - CATALOGING SOURCE
Original cataloging agency BD-RjUL
Language of cataloging eng
Transcribing agency BD-RjUL
Modifying agency BD-RjUL
041 ## - LANGUAGE CODE
Language code of text/sound track or separate title eng
082 ## - DEWEY DECIMAL CLASSIFICATION NUMBER
Edition number 23
Classification number 539
Author mark and year TAM 2005
100 1# - MAIN ENTRY--PERSONAL NAME
Personal name Taylor, John R.
9 (RLIN) 206772
245 10 - TITLE STATEMENT
Title Modern physics :
Remainder of title for Scientists and Engineers /
Statement of responsibility, etc. John R.Taylor, Chris D Zafiratos and Michael A. Dubson
250 ## - EDITION STATEMENT
Edition statement 2nd ed.
260 ## - PUBLICATION, DISTRIBUTION, ETC. (IMPRINT)
Place of publication, distribution, etc. New Delhi :
Name of publisher, distributor, etc. Prentice hall of India pvt Ltd.,
Date of publication, distribution, etc. c2005
300 ## - PHYSICAL DESCRIPTION
Pagination 720 p. ;
Illustrations 24 cm
500 ## - GENERAL NOTE
General note Includes index
650 ## - SUBJECT ADDED ENTRY--TOPICAL TERM
Topical term or geographic name as entry element Modern physics.
9 (RLIN) 159266
700 ## - ADDED ENTRY--PERSONAL NAME
Personal name Zafiratos, Chris D
Personal name Dubson, Michael A.
942 ## - ADDED ENTRY ELEMENTS (KOHA)
Source of classification or shelving scheme Dewey Decimal Classification
Koha item type Books
Holdings
Lost status Source of classification or shelving scheme Damaged status Not for loan Collection code Permanent Location Current Location Shelving location Date acquired Source of acquisition Cost, normal purchase price Total Checkouts Full call number Date last seen Copy number Koha item type
  Dewey Decimal Classification   Not For Loan Non-fiction Central Library, University of Rajshahi Central Library, University of Rajshahi Reading Room 23/04/2008 Dhaka, Paragon Enterprises ltd. 395.00   539 TAM 2005 13/04/2017 C-1 Books